| 000 | 00876nmc a2200301 a 4500 | ||
|---|---|---|---|
| 003 | AR-BaBNM | ||
| 005 | 20251128205757.0 | ||
| 008 | 138119s1996 ||||||||||||||000 | spa|| | ||
| 020 | _a84-277-1185-9 | ||
| 040 | _cAR-BaBNM | ||
| 100 | 1 | _aIbáñez Orcajo, María Teresa | |
| 245 | 1 | 0 |
_aCiencia multicultural y no racista _benfoques y estrategias para el aula |
| 260 |
_aMadrid _bNarcea _c1996 |
||
| 300 |
_a61 p. _bil. |
||
| 490 | 0 |
_aApuntes I.E.P.S. _vv. 63 |
|
| 500 | _aReferencias bibliográficas: p. 57-59 | ||
| 610 | 2 | 4 | _aInstituto de Estudios Pedagógicos Somosaguas |
| 650 | 4 | _aENSENANZA DE LA CIENCIA | |
| 650 | 4 | _aMULTICULTURALISMO | |
| 650 | 4 | _aRELACIONES RACIALES | |
| 650 | 4 | _aEDUCACION DE LA MUJER | |
| 651 | 4 | _aEspaña | |
| 653 | _aTEMAS TRANSVERSALES | ||
| 653 | _aSIDA | ||
| 700 | 1 | _aMarco Stiefel, Berta | |
| 942 | _cBK | ||
| 998 | _carturo | ||
| 999 |
_c12775 _d12775 |
||